000 01130nac a22003377a 4500
001 BR6500185
003 BR-BrBNA
005 20240105113301.0
008 230509b bl.|||m| |||| 00| 0 por d
040 _aBR-BrBNA
_bpor
_cBiblioteca Nacional de Agricultura
072 _aL30; L36
090 _a5300 BR6500185
100 1 _aPeixoto, R.R.
110 1 _aEscola de Agronomia Eliseu Maciel, Pelotas, RS (Brasil)
_94300
245 1 _aEstudo comparativo entre farinha de mandioca e milho, como alimentos para porcos em crescimento e engorda [Manihot esculenta; Zea mays; Arracoamento; Peso; Composicao de alimento; Brasil]
260 3 _aPelotas, RS (Brasil):
_c1965.
300 _a19 p.
490 _aBoletim Tecnico - Escola de Agronomia Eliseu Maciel (Brazil)
_vno. 1
_x
500 _aSummaries (En, Pt); 10 illus.
650 _aCOMPOSICAO DE ALIMENTO
650 _aSUINO
650 _aMANDIOCA
650 _aMILHO
650 _aFARINHA
650 _aARRACOAMENTO
650 _aENGORDA
650 _aPESO
650 _aCRESCIMENTO
909 _a202312
_bLúcia Elande
_c55
_dLúcia Elande
942 _2AGRIS
_n0
_cMS
999 _c262879
_d262879